Podstata vytvárania efektívnej značky
Úloha značiek a ich prínos pre biznis. Logika značiek. Výhody predaja. Proces budovania značky. Priority. Návrh spotrebiteľskej hodnoty. Umiestnenie. Mediálna komunikácia. Podpora predaja - promotion. Miesto predaja. Konečným cieľom tvorcu značky by malo byť vytvorenie a riadenie vzťahov so zákazník...
Enregistré dans:
| Auteur principal: | |
|---|---|
| Format: | Chapitre de livre |
| Langue: | slovaque |
| Sujets: | |
| Tags: |
Pas de tags, Soyez le premier à ajouter un tag!
|
MARC
| LEADER | 00000naa a2200000 4500 | ||
|---|---|---|---|
| 001 | r043570 | ||
| 005 | 20230921112225.0 | ||
| 041 | 0 | |a slo | |
| 044 | |a SK | ||
| 245 | 1 | 0 | |a Podstata vytvárania efektívnej značky |c Kamran Kashani |
| 520 | |a Úloha značiek a ich prínos pre biznis. Logika značiek. Výhody predaja. Proces budovania značky. Priority. Návrh spotrebiteľskej hodnoty. Umiestnenie. Mediálna komunikácia. Podpora predaja - promotion. Miesto predaja. Konečným cieľom tvorcu značky by malo byť vytvorenie a riadenie vzťahov so zákazníkom. | ||
| 610 | 2 | 0 | |a značky výrobkov |
| 610 | 2 | 0 | |a značky výrobné |
| 610 | 2 | 0 | |a logika |
| 610 | 2 | 0 | |a predaj |
| 610 | 2 | 0 | |a spotrebitelia |
| 610 | 2 | 0 | |a hodnota |
| 610 | 2 | 0 | |a médiá |
| 610 | 2 | 0 | |a reklama |
| 610 | 2 | 0 | |a podpora predaja |
| 610 | 2 | 0 | |a zákazníci |
| 100 | 1 | |a Kashani, Kamran | |